skbl

Dr Suryya Kumar Bhuyan Library Web-OPAC
ডঃ সূৰ্য্য
কুমাৰ ভূঞা পুথিভঁৰাল ৱেব-অ'পেক

All Research Scholars are advised to clear the annual library fees to continue using Library Resources, Remote Access, Plagiarism Test and Library Clearance.

Cotton University Book Fair 2026

Probability Models and Statistics: A J. Medhi Festschrift / (Record no. 6598)

MARC details
000 -LEADER
fixed length control field 00911nam a2200325Ia 4500
001 - CONTROL NUMBER
control field 6611
005 - DATE AND TIME OF LATEST TRANSACTION
control field 20240113233928.0
007 - PHYSICAL DESCRIPTION FIXED FIELD--GENERAL INFORMATION
fixed length control field ta
008 - FIXED-LENGTH DATA ELEMENTS--GENERAL INFORMATION
fixed length control field 050628s1996 a g b000 u eng u
020 ## - INTERNATIONAL STANDARD BOOK NUMBER
International Standard Book Number 81-224-0879-6
040 ## - CATALOGING SOURCE
Original cataloging agency Cotton College,Assam
041 ## - LANGUAGE CODE
Language code of text/sound track or separate title eng
082 ## - DEWEY DECIMAL CLASSIFICATION NUMBER
Classification number 310.519
Item number Bo 648 Pr
100 ## - MAIN ENTRY--PERSONAL NAME
Personal name Borthakur, A.C. .
245 #0 - TITLE STATEMENT
Title Probability Models and Statistics: A J. Medhi Festschrift /
Statement of responsibility, etc. A.C. Borthakur, H. Chaudhury.
Medium Textual Documents
250 ## - EDITION STATEMENT
Edition statement 1st ed. /
260 ## - PUBLICATION, DISTRIBUTION, ETC.
Place of publication, distribution, etc. New Delhi :
Name of publisher, distributor, etc. New Age International ( P ) Limited ,
Date of publication, distribution, etc. 1996.
300 ## - PHYSICAL DESCRIPTION
Extent xviii, 263p. :
Other physical details ill. ;
Dimensions 24cm .
504 ## - BIBLIOGRAPHY, ETC. NOTE
Bibliography, etc. note Index
653 ## - INDEX TERM--UNCONTROLLED
Uncontrolled term Statistics-Probability
653 ## - INDEX TERM--UNCONTROLLED
Uncontrolled term PG-Statistics
653 ## - INDEX TERM--UNCONTROLLED
Uncontrolled term G- Statistics
700 ## - ADDED ENTRY--PERSONAL NAME
Personal name Chaudhury, H. .
942 ## - ADDED ENTRY ELEMENTS (KOHA)
Source of classification or shelving scheme Dewey Decimal Classification
Koha item type Books
Holdings
Withdrawn status Lost status Damaged status Not for loan Collection Home library Current library Date acquired Coded location qualifier Total checkouts Full call number Barcode Date last seen Copy number Price effective from Koha item type
          Dr. Suryya Kumar Bhuyan Library Dr. Suryya Kumar Bhuyan Library 01/02/2012 00000   310.519 Bo 648 Pr 485/Stat 13/01/2024 1 01/02/2012 Books
          Dr. Suryya Kumar Bhuyan Library Dr. Suryya Kumar Bhuyan Library 01/02/2012 00000   310.519 Bo 648 Pr 147/Stat 13/01/2024 2 01/02/2012 Books
          Dr. Suryya Kumar Bhuyan Library Dr. Suryya Kumar Bhuyan Library 01/02/2012 00000   310.519 Bo 648 Pr 1827/Math 13/01/2024 4 01/02/2012 Books
          Dr. Suryya Kumar Bhuyan Library Dr. Suryya Kumar Bhuyan Library 01/02/2012 00000   310.519 Bo 648 Pr 484/Stat 13/01/2024 3 01/02/2012 Books

Designed and Maintained by Team SKBL
©1901-2026

Powered by Koha